[Event "Oberliga Bayern 1617"]
[Site "Bayern"]
[Date "2017.01.15"]
[Round "4.2"]
[White "Bayer, Bernhard"]
[Black "Mischustov, Michael"]
[Result "1-0"]
[WhiteElo "2379"]
[BlackElo "2313"]
[PlyCount "105"]
[EventDate "2016.10.16"]
[EventType "team-tourn"]
[EventRounds "9"]
[EventCountry "GER"]
[SourceTitle "EXT 2019"]
[Source "ChessBase"]
[SourceDate "2018.10.10"]
[SourceVersion "1"]
[SourceVersionDate "2018.10.10"]
[SourceQuality "1"]
[WhiteTeam "Weilheim"]
[BlackTeam "Nuernberg NT"]
[WhiteTeamCountry "GER"]
[BlackTeamCountry "GER"]

1. d4 Nf6 2. c4 e6 3. g3 Bb4+ 4. Bd2 a5 5. Bg2 0-0 6. e4 Bxd2+ 7. Nxd2 d6 8. Ne2 e5 9. 0-0 exd4 10. Nxd4 Re8 11. Qc2 Nbd7 12. b3 Nc5 13. a3 Bd7 14. Rfe1 c6 15. h3 Qb6 16. Qc3 Re7 17. Re3 Rae8 18. Rae1 Na6 19. Nc2 h6 20. b4 axb4 21. axb4 Nh7 22. Nb3 Ng5 23. Kh2 c5 24. b5 Nc7 25. Qa5 Na8 26. h4 Nh7 27. Rd1 Be6 28. Rc3 Nf6 29. Ne3 Ng4+ 30. Nxg4 Bxg4 31. Qxb6 Nxb6 32. Rxd6 Na4 33. Rc2 Rxe4 34. Bxe4 Rxe4 35. Kg2 Be6 36. Nd2 Re1 37. Ra2 Nc3 38. Ra7 Ne4 39. Nxe4 Rxe4 40. Rxb7 Rxc4 41. Rc7 Bf5 42. Rd8+ Kh7 43. Rxf7 Kg6 44. Rff8 Bc2 45. f3 Ba4 46. Rd6+ Kh7 47. h5 Rc2+ 48. Kg1 Rc1+ 49. Kg2 Rc2+ 50. Kh3 Bxb5 51. Rdd8 Bf1+ 52. Kg4 Rc4+ 53. Kf5 1-0

[Event "AUT-chT 1617"]
[Site "Austria"]
[Date "2016.10.20"]
[Round "1.3"]
[White "Bayer, Bernhard"]
[Black "Rozentalis, Eduardas"]
[Result "1/2-1/2"]
[WhiteElo "2430"]
[BlackElo "2567"]
[PlyCount "79"]
[EventDate "2016.10.20"]
[EventType "team-tourn"]
[EventRounds "11"]
[EventCountry "AUT"]
[SourceTitle "CBM 175 Extra"]
[Source "ChessBase"]
[SourceDate "2016.12.12"]
[SourceVersion "1"]
[SourceVersionDate "2016.12.12"]
[SourceQuality "1"]
[WhiteTeam "Absam"]
[BlackTeam "Hohenems"]
[WhiteTeamCountry "AUT"]
[BlackTeamCountry "AUT"]

1. d4 Nf6 2. Nf3 e6 3. e3 d6 4. c4 g6 5. Nc3 Bg7 6. g3 0-0 7. Bg2 Nbd7 8. 0-0 e5 9. b4 Re8 10. Qb3 Nf8 11. dxe5 dxe5 12. Rd1 Qe7 13. Ba3 Bg4 14. h3 Bxf3 15. Bxf3 e4 16. Bg2 h5 17. b5 Qe6 18. Nd5 Nxd5 19. cxd5 Qf5 20. Rac1 Be5 21. Bxf8 Kxf8 22. Rc4 Kg7 23. h4 Re7 24. Bxe4 Qf6 25. Bg2 Qb6 26. Kh2 Bf6 27. Rd3 Rae8 28. Qb4 Be5 29. a4 f5 30. a5 Qf6 31. Qb1 Bd6 32. Kg1 b6 33. axb6 axb6 34. Rd1 Ra8 35. Qb3 Ra3 36. Qc2 Qe5 37. Re1 Qf6 38. Rd1 Qe5 39. Re1 Qf6 40. Rd1 1/2-1/2

[Event "Landesliga Sued 1516"]
[Site "Bayern"]
[Date "2016.04.10"]
[Round "9.1"]
[White "Jones, Gawain C B"]
[Black "Bayer, Bernhard"]
[Result "1/2-1/2"]
[WhiteElo "2621"]
[BlackElo "2383"]
[PlyCount "82"]
[EventDate "2015.10.11"]
[EventType "team-tourn"]
[EventRounds "9"]
[EventCountry "GER"]
[SourceTitle "EXT 2018"]
[Source "ChessBase"]
[SourceDate "2017.10.13"]
[SourceVersion "1"]
[SourceVersionDate "2017.10.13"]
[SourceQuality "1"]
[WhiteTeam "Muenchen 36"]
[BlackTeam "Weilheim"]
[WhiteTeamCountry "GER"]
[BlackTeamCountry "GER"]

1. c4 e5 2. Nc3 Nf6 3. Nf3 Nc6 4. g3 d5 5. cxd5 Nxd5 6. Bg2 Be6 7. d4 Bb4 8. Bd2 exd4 9. Nb5 Bc5 10. Ng5 Qe7 11. Nxe6 fxe6 12. 0-0 0-0 13. Qb3 Rad8 14. Rac1 Bb6 15. a4 a5 16. Be4 Qf7 17. Kg2 Kh8 18. Na3 e5 19. Qf3 Qe6 20. Qd3 Nf6 21. Bf5 Qd5+ 22. f3 Ne7 23. Be4 Nxe4 24. fxe4 Qe6 25. Bg5 h6 26. Bxe7 Qxe7 27. Nc4 Qe6 28. h3 Rde8 29. Kh2 Rf6 30. Rf3 Ra8 31. Rcf1 Rxf3 32. Rxf3 Bc5 33. Rf5 Bd6 34. Qb3 b6 35. Qb5 Rf8 36. Rxf8+ Bxf8 37. b3 Bc5 38. Nd2 Kh7 39. Qd3 Bb4 40. Nc4 Qf6 41. Kg2 Kg6 1/2-1/2

[Event "AUT-chT 1516"]
[Site "Austria"]
[Date "2016.04.02"]
[Round "11.3"]
[White "Bayer, Bernhard"]
[Black "Banusz, Tamas"]
[Result "1/2-1/2"]
[WhiteElo "2443"]
[BlackElo "2611"]
[PlyCount "95"]
[EventDate "2015.11.05"]
[EventType "team-tourn"]
[EventRounds "11"]
[EventCountry "AUT"]
[SourceTitle "EXT 2017"]
[Source "ChessBase"]
[SourceDate "2016.10.25"]
[SourceVersion "1"]
[SourceVersionDate "2016.10.25"]
[SourceQuality "1"]
[WhiteTeam "Absam"]
[BlackTeam "Ottakring"]
[WhiteTeamCountry "AUT"]
[BlackTeamCountry "AUT"]

1. c4 Nf6 2. Nf3 c5 3. Nc3 Nc6 4. d4 cxd4 5. Nxd4 e6 6. g3 Bc5 7. Nb3 Be7 8. Bg2 b6 9. 0-0 Ba6 10. Nd4 Nxd4 11. Qxd4 Rc8 12. b3 0-0 13. Bb2 Qc7 14. Rac1 Rfd8 15. Rfd1 Qb8 16. Qe3 Ne8 17. Rd2 h6 18. Qf3 Bg5 19. e3 Bf6 20. Qd1 Bb7 21. Rcc2 Qa8 22. Qf1 Bc6 23. Bxc6 dxc6 24. Qd1 c5 25. Rxd8 Rxd8 26. Rd2 Rxd2 27. Qxd2 h5 28. h4 Qc6 29. Qd1 g6 30. Na4 Bxb2 31. Nxb2 Nf6 32. Na4 Qe4 33. Nc3 Qf5 34. Qb1 Qe5 35. Qd3 Ng4 36. Kg2 Qf6 37. f4 Qe7 38. Kf3 Qb7+ 39. e4 Kg7 40. Ke2 e5 41. Qd6 exf4 42. gxf4 f5 43. Nd5 fxe4 44. Nc7 e3 45. Ne6+ Kh7 46. Ng5+ Kg7 47. Ne6+ Kh7 48. Ng5+ 1/2-1/2

[Event "AUT-chT 1516"]
[Site "Austria"]
[Date "2016.02.25"]
[Round "5.2"]
[White "Mons, Leon"]
[Black "Bayer, Bernhard"]
[Result "1/2-1/2"]
[WhiteElo "2462"]
[BlackElo "2443"]
[PlyCount "60"]
[EventDate "2015.11.05"]
[EventType "team-tourn"]
[EventRounds "11"]
[EventCountry "AUT"]
[SourceTitle "EXT 2017"]
[Source "ChessBase"]
[SourceDate "2016.10.25"]
[SourceVersion "1"]
[SourceVersionDate "2016.10.25"]
[SourceQuality "1"]
[WhiteTeam "Salzburg Royal"]
[BlackTeam "Absam"]
[WhiteTeamCountry "AUT"]
[BlackTeamCountry "AUT"]

1. e4 e5 2. Bc4 Nf6 3. d3 Be7 4. Nf3 d6 5. 0-0 c6 6. Re1 Nbd7 7. c3 0-0 8. Bb3 b5 9. Nbd2 a5 10. a4 Qc7 11. d4 Nb6 12. Nf1 Nxa4 13. Bxa4 bxa4 14. dxe5 dxe5 15. Qxa4 Nd7 16. Be3 c5 17. c4 Nb8 18. Bd2 Nc6 19. Ne3 Qb7 20. Nd5 Bd6 21. Qb5 Rb8 22. Qxb7 Rxb7 23. Bc3 Bg4 24. Nd2 Ra8 25. f3 Bd7 26. Nf1 f6 27. Nfe3 a4 28. Red1 Nd4 29. Kf2 Rab8 30. Ra2 Bf8 1/2-1/2

[Event "Landesliga Sued 1516"]
[Site "Bayern"]
[Date "2016.02.21"]
[Round "7.1"]
[White "Ruecker, Benjamin"]
[Black "Bayer, Bernhard"]
[Result "0-1"]
[WhiteElo "2230"]
[BlackElo "2383"]
[PlyCount "56"]
[EventDate "2015.10.11"]
[EventType "team-tourn"]
[EventRounds "9"]
[EventCountry "GER"]
[SourceTitle "EXT 2018"]
[Source "ChessBase"]
[SourceDate "2017.10.13"]
[SourceVersion "1"]
[SourceVersionDate "2017.10.13"]
[SourceQuality "1"]
[WhiteTeam "Garching II"]
[BlackTeam "Weilheim"]
[WhiteTeamCountry "GER"]
[BlackTeamCountry "GER"]

1. d4 Nf6 2. c4 e6 3. g3 Bb4+ 4. Bd2 c5 5. Bg2 0-0 6. Nf3 Bxd2+ 7. Qxd2 d6 8. Nc3 Nc6 9. 0-0 Qe7 10. Rfd1 Rd8 11. Qg5 h6 12. Qe3 b6 13. dxc5 bxc5 14. Ne5 Nxe5 15. Bxa8 Nxc4 16. Qc1 d5 17. Nxd5 exd5 18. Bxd5 Rxd5 19. Rxd5 Nxd5 20. Qxc4 Nb6 21. Qc2 Bb7 22. Rd1 Nd5 23. Rc1 Nb4 24. Qxc5 Qe4 25. f3 Qxe2 26. Rf1 Nd3 27. Qc4 Qe3+ 28. Kg2 Ne1+ 0-1

[Event "Landesliga Sued 1516"]
[Site "Bayern"]
[Date "2016.01.31"]
[Round "6.1"]
[White "Bayer, Bernhard"]
[Black "Schnelzer, Reinhold"]
[Result "1/2-1/2"]
[WhiteElo "2383"]
[BlackElo "2226"]
[PlyCount "92"]
[EventDate "2015.10.11"]
[EventType "team-tourn"]
[EventRounds "9"]
[EventCountry "GER"]
[SourceTitle "EXT 2018"]
[Source "ChessBase"]
[SourceDate "2017.10.13"]
[SourceVersion "1"]
[SourceVersionDate "2017.10.13"]
[SourceQuality "1"]
[WhiteTeam "Weilheim"]
[BlackTeam "Kriegshaber"]
[WhiteTeamCountry "GER"]
[BlackTeamCountry "GER"]

1. c4 c5 2. Nc3 Nc6 3. g3 Nf6 4. Bg2 g6 5. e3 Bg7 6. Nge2 0-0 7. 0-0 d6 8. h3 Bd7 9. d4 a6 10. b3 Rb8 11. a4 e5 12. Ba3 Nb4 13. Qd2 Qc8 14. Kh2 Re8 15. dxc5 dxc5 16. e4 b5 17. axb5 axb5 18. Rfc1 bxc4 19. bxc4 Bf8 20. Nd5 Nfxd5 21. cxd5 Qb7 22. f4 Bd6 23. f5 Bb5 24. Nc3 Qe7 25. Nxb5 Rxb5 26. Rf1 Ra5 27. Bb2 Rea8 28. h4 Rxa1 29. Bxa1 Ra2 30. Qc3 Nc2 31. fxg6 hxg6 32. Rf2 Rxa1 33. Rxc2 Ra8 34. Qf3 Kg7 35. Bf1 Qf6 36. Qxf6+ Kxf6 37. Rb2 Ra1 38. Kg2 Rc1 39. Rb6 Ke7 40. Rb7+ Kf6 41. Rd7 Bf8 42. Rd8 Be7 43. Rc8 Rd1 44. Rc6+ Kg7 45. Be2 Rd4 46. Rc7 Kf8 1/2-1/2

[Event "AUT-chT 1516"]
[Site "Austria"]
[Date "2015.11.06"]
[Round "2.4"]
[White "Fauland, Alexander"]
[Black "Bayer, Bernhard"]
[Result "1-0"]
[WhiteElo "2429"]
[BlackElo "2443"]
[PlyCount "53"]
[EventDate "2015.11.05"]
[EventType "team-tourn"]
[EventRounds "11"]
[EventCountry "AUT"]
[SourceTitle "CBM 169 Extra"]
[Source "ChessBase"]
[SourceDate "2015.12.18"]
[SourceVersion "1"]
[SourceVersionDate "2015.12.18"]
[SourceQuality "1"]
[WhiteTeam "Raika Feffernitz"]
[BlackTeam "Absam"]
[WhiteTeamCountry "AUT"]
[BlackTeamCountry "AUT"]

1. Nf3 Nf6 2. b3 c5 3. Bb2 e6 4. e3 Be7 5. d4 b6 6. Bd3 Bb7 7. Nbd2 Nc6 8. a3 0-0 9. 0-0 Qc7 10. c4 d5 11. dxc5 bxc5 12. Qc2 h6 13. Rac1 Nd7 14. Rfd1 Rfd8 15. cxd5 exd5 16. Bh7+ Kh8 17. Bf5 a5 18. Bxd7 Rxd7 19. Qf5 Rad8 20. b4 axb4 21. axb4 Nxb4 22. Ne5 Bf6 23. Rxc5 Qxc5 24. Nxd7 Bc8 25. Qxf6 gxf6 26. Bxf6+ Kh7 27. Nxc5 1-0